Το αγροτικό συνεταιριστικό κίνημα στην Ελλάδα : ιστορική εξέλιξη και δράση : προβλήματα και προοπτικές ανάπτυξης
Saved in:
| Main Author: | |
|---|---|
| Format: | Book |
| Language: | Greek |
| Published: |
Αθήνα :
Παπαζήσης,
1976.
|
| Edition: | 2η έκδ. |
| Subjects: | |
| Tags: |
Add Tag
No Tags, Be the first to tag this record!
|
MARC
| LEADER | 00000nam a2200000 a 4500 | ||
|---|---|---|---|
| 001 | 1/127620 | ||
| 008 | 231102s1976####gr | ||| |||| ||gre|| | ||
| 040 | |a GR-MyUa |b gre |c GR-MyUa |e AACR2 | ||
| 041 | 0 | |a gre | |
| 082 | 7 | |a 334.683 |2 (23) | |
| 100 | 1 | |a Αβδελίδης, Παρμενίων. | |
| 245 | 1 | 3 | |a Το αγροτικό συνεταιριστικό κίνημα στην Ελλάδα : |b ιστορική εξέλιξη και δράση : προβλήματα και προοπτικές ανάπτυξης / |c Δρ. Παρμενίων Σ. Αβδελίδης. |
| 250 | |a 2η έκδ. | ||
| 260 | |a Αθήνα : |b Παπαζήσης, |c 1976. | ||
| 300 | |a 265 σ. : |b πιν. ; |c 24 εκ. | ||
| 504 | |a Περιλαμβάνει βιβλιογραφικές παραπομπές και ευρετήριο. | ||
| 650 | 0 | |a Agriculture, Cooperative |z Greece. | |
| 852 | |a INST |b LESVOS |e 20231102 |h 334.683 ΑΒΔ |p 005100065705 |q 005100065705 |t BK |y 0 | ||
| 970 | |a Καμάτσου |b Δέσποινα |z 02-11-2023 | ||